[Event "Bad Woerishofen op 34th"]
[Site "Bad Woerishofen"]
[Date "2018.02.25"]
[Round "4"]
[White "Cremonini, Stefano"]
[Black "Yang, David"]
[Result "0-1"]
[WhiteElo "1591"]
[BlackElo "1829"]
[PlyCount "64"]
[EventDate "2018.02.23"]
[EventType "swiss"]
[EventRounds "9"]
[EventCountry "GER"]
[SourceTitle "EXT 2019"]
[Source "ChessBase"]
[SourceDate "2018.10.10"]
[SourceVersion "1"]
[SourceVersionDate "2018.10.10"]
[SourceQuality "1"]

1. d4 e6 2. Nf3 Nf6 3. Bf4 c5 4. c3 cxd4 5. Nxd4 d6 6. Bg3 a6 7. e3 b5 8. Be2 Bb7 9. 0-0 Ne4 10. Nd2 Nxg3 11. hxg3 Be7 12. Bf3 d5 13. e4 0-0 14. exd5 Bxd5 15. Bxd5 Qxd5 16. Qf3 Rd8 17. Qxd5 Rxd5 18. N2f3 Ra7 19. Rfe1 Bf6 20. Re2 b4 21. Rc2 bxc3 22. Rxc3 Rd8 23. Rac1 Rad7 24. Rc4 Kf8 25. Nc6 Nxc6 26. Rxc6 Bxb2 27. R1c2 Bf6 28. Rxa6 Rd1+ 29. Kh2 g5 30. g4 Kg7 31. Kg3 R8d3 32. Rcc6 Be5+ 0-1